Normal view
MARC view
- Cotero Balcazar, Beatriz S.
Entry Nombre Personal
001 - NUMERO DE CONTROL
- campo de control: 52370
003 - IDENTIFICADOR DE NUMERO DE CONTROL
- campo de control: MX-MxUPN
005 - FECHA Y HORA DE LA ÜLTIMA TRANSACCIÓN
- campo de control: 20240612181756.0
008 - DATOS DE LONGITUD FIJA
- campo de control de longitud fija: 240612nn acnnnaabn n aaa d
040 ## - FUENTE DE CATALOGACIÓN
- Agencia original de catalogación: MX-MxUPN
- Lenguaje de catalogación: spa
100 1# - ENCABEZAMIENTO - NOMBRE PERSONAL
- Nombre personal: Cotero Balcazar, Beatriz S.
400 1# - VEÁSE - NOMBRE DE PERSONA
- Personal name: Balcazar, Beatriz S. Cotero
670 ## - FUENTE EN LA QUE SE LOCALIZARON DATOS
- Cita de la fuente: Libro para el maestro, 2000 :
- Información localizada: reverso de la portada (Beatriz S.Cotero Balcazar)
902 ## - CATALOGADOR
- Catalogador: VíctorGodínez/120624
